Audítorská dokumentácia

Gespeichert in:
Bibliographische Detailangaben
1. Verfasser: Kareš, Ladislav
Weitere Verfasser: Krišková, Petra, 1981-, Kňažková, Veronika, 1986-, Škultéty, Jozef, Užík, Ján, 1969-
Format: Buch
Sprache:Slowakisch
Veröffentlicht: Bratislava Wolters Kluwer 2014
Ausgabe:1. vyd.
Schriftenreihe:Ekonómia 523
Schlagworte:
Tags: Tag hinzufügen
Keine Tags, Fügen Sie das erste Tag hinzu!

MARC

LEADER 00000nam a2200000 4500
001 0198853
005 20240502073347.8
020 |a 978-80-8168-145-5 
041 0 |a slo 
044 |a SK 
245 1 0 |a Audítorská dokumentácia  |c Ladislav Kareš, Petra Krišková, Veronika Kňažková ; recenzovali: Jozef Škultéty, Ján Užík 
250 |a 1. vyd. 
264 1 |a Bratislava  |b Wolters Kluwer  |c 2014 
300 |a 264 s. [9,79 AH] 
490 1 |a Ekonómia  |v 523 
830 0 |a Ekonómia  |v 523 
610 2 0 |a audit 
610 2 0 |a audítorstvo 
610 2 0 |a audítori 
610 2 0 |a dokumentácia 
610 2 0 |a legislatíva 
610 2 0 |a štandardy audítorské medzinárodné 
100 1 |a Kareš, Ladislav 
700 1 |a Krišková, Petra, 1981- 
700 1 |a Kňažková, Veronika, 1986- 
700 1 |a Škultéty, Jozef 
700 1 |a Užík, Ján, 1969-